Hommes politiques et leaders africains - Statistiques

Statistiques générales
  • Ce quiz a été pris 69 fois
  • Le résultat moyen est 8 sur 14
Statistiques - réponses
QUESTION RÉPONSE % Correct
Dictateur panafricaniste et anti-impérialiste, tué en 2011 lors de la guerre civile. Il aurait financé la campagne présidentielle de Sarkozy en 2007. Kadhafi
90%
Icône mondiale de la lutte contre l’apartheid, il fut emprisonné 27 ans avant de devenir président. Mandela
83%
Révolutionnaire marxiste, féministe et anticapitaliste, surnommé le "Le Che africain". Il a rebaptisé son pays "la patrie des hommes intègres". Sankara
77%
Président du Zaïre et allié des USA durant la guerre froide, célèbre pour sa toque léopard. Mobutu
75%
Poète devenu président, il est le co-fondateur de la négritude avec Césaire. Senghor
62%
Héros national congolais, il fut le premier Premier ministre du pays avant d’être assassiné en 1961. Lumumba
58%
Leader panarabiste et figure des non-alignés. Il a fait nationaliser le canal de Suez en 1956. Nasser
56%
Plus vieux chef d’Etat africain, il est à la tête de son pays depuis 1982. Paul Biya
56%
Dernier empereur d’Éthiopie, il est vénéré par les rastafaris qui le perçoivent comme le messie noir. Haïlé Sélassié
52%
Monarque marocain au long règne, qui fit du Sahara occidental une cause nationale. Hassan II
42%
Considéré comme l’un des pères du panafricanisme, il fut le premier Président du Ghana. Kwame Nkrumah
33%
Ancien boxeur devenu dictateur, il est surnommé "le boucher de l'Ouganda". Idi Amin Dada
31%
Premier président de Guinée, célèbre pour avoir dit "non" à De Gaulle en 1958 lors du référendum. Sékou Touré
27%
Militaire devenu président, il a incarné l’Algérie socialiste et non-alignée des années 70. Boumédiène
19%
Aucun quiz correspondant
Distribution des résultats
% des personnes avec chaque résultat
Percentile par nombre de réponses
Votre historique - résultats
Vous n’avez pas pris ce quiz